| 000 | 00502 a2200205 4500 | ||
|---|---|---|---|
| 001 | 114947 | ||
| 020 | _a9788536811772 | ||
| 041 | _apor | ||
| 090 | _aP Year 1 [E] MEN | ||
| 100 | _aMenassi, Aline por. | ||
| 250 | _a. ed. | ||
| 490 | _aEu sei desenhar | ||
| 697 | _aLiteratura infantil | ||
| 830 | _aEu sei desenhar | ||
| 856 | _u00002b/00002b99.jpeg | ||
| 040 |
_aBR-BrIDEA _cBR-BrIDEA |
||
| 245 | 1 | 0 |
_aEu sei desenhar _bdiversão _c Aline por Menassi |
| 260 |
_a[S.l.] _c2010 |
||
| 942 | _cBK | ||
| 999 |
_c114947 _d114947 |
||